000 00446nam a2200181Ia 4500
001 25446
005 20260414151150.0
008 260414t1996||||xx |||||||||||||| ||spa||
041 _aESP
082 _a346.5
_bT41
100 _aFernández Dávila, César A.
_eAUT
245 0 _aManual de derecho de las obligaciones
_b
260 _c1996
300 _a252 páginas :
_c21 cm.
650 _aDER
654 _aCDE
942 _cLIB
_dJUS
_fJUS
_2ddc
_n
999 _c25446
_d25446